| 000 | 00390nam a2200157Ia 4500 | ||
|---|---|---|---|
| 008 | 180921t2013 xxu||||| |||| 00| 0 eng d | ||
| 041 | _aeng | ||
| 080 |
_a22/23 _bPIE |
||
| 100 | _aPieris, Aloysius | ||
| 245 | 4 | _aThe Genesis of an Asian Theology of Liberation | |
| 260 |
_b _aKelaniya _c2013 |
||
| 300 | _b21 cm | ||
| 942 | _cBK | ||
| 999 |
_c4193 _d4193 |
||
| 003 | LK-CoDNM | ||
| 040 |
_aLK-CoDNM _dLK-CoDNM _eLK-CoDNM |
||